01013dam0a2200241 4500001002400000005001700024010000300041035002600044100004100070101000800111102000700119105002000126181001500146182000600161200021200167203007500379210007100454215004000525541011200565700002900677702002900706852003600735RU\NLR\BIBL_A\02246578320250626004032.0  a(NLR Aleph) 022465783 a20250221d1941 |||y0rusy50 ca0 auzb aUZ aас z 001 y 0ai baxxe  0an1 aАдабиёт хрестоматиясиeБошланғич мактабларнинг учинчи синфи учунfТузучилар Х. Расулов, Р. ШароповhБиринчи қисм aТекстbвизуальныйcнепосредственный aТошкентcЎзССР давлат нашриётиd1941 a132 сcил., портр.d23 см1 aХрестоматия по литературе для 3 класса начальной школыzrus 1aРасуловbХ.4220 1aШараповbР.4220 aNLRbОНЛjУзбек./2-1472